Loading...
| Fine Arts - Classical Music | 2 | 10.00 | 100% | 0% | 0% |
| Fine Arts - Other Fine Arts | 6 | 16.67 | 100% | 50% | 17% |
| Fine Arts - Visual Fine Arts | 8 | 12.50 | 88% | 38% | 0% |
| Geography/Current Events | 3 | 16.67 | 100% | 67% | 0% |
| History - American History | 7 | 20.00 | 100% | 100% | 0% |
| History - European History | 6 | 10.00 | 100% | 0% | 0% |
| History - Other History | 6 | 21.67 | 100% | 83% | 33% |
| History - World History | 4 | 22.50 | 100% | 100% | 25% |
| Literature - American Literature | 5 | 22.00 | 100% | 80% | 40% |
| Literature - British Literature | 7 | 21.43 | 100% | 86% | 29% |
| Literature - European Literature | 4 | 27.50 | 100% | 100% | 75% |
| Literature - World/Other Literature | 4 | 22.50 | 100% | 100% | 25% |
| Mythology | 7 | 22.86 | 100% | 71% | 57% |
| Other Academic | 1 | 20.00 | 100% | 100% | 0% |
| Philosophy | 4 | 17.50 | 100% | 50% | 25% |
| Religion | 7 | 12.86 | 86% | 29% | 14% |
| Science - Biology | 8 | 15.00 | 100% | 38% | 13% |
| Science - Chemistry | 9 | 16.67 | 100% | 56% | 11% |
| Science - Other Science | 8 | 16.25 | 88% | 63% | 13% |
| Science - Physics | 7 | 21.43 | 100% | 71% | 43% |
| Social Science | 7 | 15.71 | 86% | 57% | 14% |